000 00395nam a2200169Ia 4500
001 4886
003 IN-NITTTR
005 20251114233004.0
008 251113s9999||||xx |||||||||||||| ||eng||
040 _beng
040 _cIN-NITTTR
041 _aeng
082 _a152 B645H
100 _aBoring, Edwin G.
245 2 _aA history of experiment psychology /
_cBoring, Edwin G.
942 _2ddc
_cBK
999 _c7523
_d7523